00433nam a2200169Ia 4500008004100000041001200041082002000053100001800073245003800091365000700129520001300136546001200149630003800161650001300199655001300212730003800225101110s9999 xx 000 0 und d aENGLISH bSR10831a651.73 aAtthreya N.H. aWritten Communication and Results b28 aCommerce aENGLISH aWritten Communication and Results aCommerce aCommerce aWritten Communication and Results